[Event "Busovaca op 1st"]
[Site "Busovaca"]
[Date "2024.09.29"]
[Round "6"]
[White "Micanovic, Slobodan"]
[Black "Music, Suad"]
[Result "1/2-1/2"]
[WhiteElo "1946"]
[BlackElo "2041"]
[PlyCount "137"]
[EventDate "2024.09.26"]
[EventType "swiss"]
[EventRounds "7"]
[EventCountry "BIH"]
[SourceTitle "EXT 2025"]
[Source "ChessBase"]
[SourceDate "2024.10.14"]
[SourceVersion "1"]
[SourceVersionDate "2024.10.14"]
[SourceQuality "1"]

1. d4 g6 2. e3 Bg7 3. f4 Nh6 4. e4 f6 5. Nf3 Nf7 6. Bc4 e6 7. e5 0-0 8. 0-0 a6 9. Nc3 d5 10. exf6 Bxf6 11. Bd3 Nc6 12. Ne2 Nb4 13. c3 Nxd3 14. Qxd3 Bd7 15. Ne5 Bb5 16. Nxf7 Bxd3 17. Nxd8 Raxd8 18. Rf2 h5 19. g3 Kg7 20. h4 Rc8 21. Be3 b6 22. Rd1 Be4 23. Nc1 c5 24. Nb3 c4 25. Nd2 Bf5 26. Nf3 Bg4 27. Re1 Rfe8 28. Bd2 Bxf3 29. Rxf3 Kf7 30. Rff1 b5 31. a3 Be7 32. Kg2 Bd6 33. Kf3 a5 34. Re2 b4 35. axb4 axb4 36. Ra1 Ra8 37. Rxa8 Rxa8 38. cxb4 Rb8 39. Bc3 Bxb4 40. Ke3 Bxc3 41. bxc3 Rb3 42. Rc2 Kf6 43. Kf3 Kf5 44. Rc1 Ra3 45. Rc2 Ra1 46. Re2 Rf1+ 47. Kg2 Rc1 48. Re5+ Kf6 49. Re3 Rc2+ 50. Kf3 Kf5 51. Re5+ Kf6 52. Re3 Rd2 53. Re2 Rd3+ 54. Re3 Kf5 55. Kf2 Kf6 56. Kf3 Rd2 57. Re2 Rd1 58. Kf2 Rh1 59. Kg2 Ra1 60. Kf2 Ke7 61. Kf3 Kd6 62. Re3 Ra2 63. g4 hxg4+ 64. Kxg4 Rg2+ 65. Rg3 Rxg3+ 66. Kxg3 Ke7 67. Kf3 Kf7 68. Kg3 Kg7 69. Kf3 1/2-1/2

[Event "SRB-chT 2nd League West"]
[Site "Kragujevac"]
[Date "2019.10.04"]
[Round "7.6"]
[White "Micanovic, Slobodan"]
[Black "Bojovic, Zoran"]
[Result "1-0"]
[WhiteElo "1942"]
[BlackElo "2097"]
[PlyCount "57"]
[EventDate "2019.09.06"]
[EventType "team-tourn"]
[EventRounds "11"]
[EventCountry "SRB"]
[SourceTitle "EXT 2020"]
[Source "ChessBase"]
[SourceDate "2019.10.17"]
[SourceVersion "1"]
[SourceVersionDate "2019.10.17"]
[SourceQuality "1"]
[WhiteTeam "Loznica"]
[BlackTeam "Aleksandrovac"]
[WhiteTeamCountry "SRB"]
[BlackTeamCountry "SRB"]

1. d4 Nf6 2. Bf4 g6 3. Nc3 Bg7 4. e4 d6 5. h3 0-0 6. Nf3 Nbd7 7. Qd2 c5 8. Bh6 cxd4 9. Nxd4 Nc5 10. f3 e5 11. Bxg7 exd4 12. Bxf6 Qxf6 13. Nd5 Qe5 14. 0-0-0 Ne6 15. f4 Qg7 16. f5 gxf5 17. exf5 Nc5 18. g4 f6 19. Bc4 Kh8 20. Qxd4 Bd7 21. Rhe1 Rae8 22. Kb1 b5 23. Bf1 Bc6 24. Rxe8 Bxe8 25. Nf4 Rf7 26. Bg2 Re7 27. b4 Na4 28. Ne6 Qh6 29. g5 1-0

[Event "Veliko Gradiste Silver Lake op-B"]
[Site "Veliko Gradiste"]
[Date "2017.06.23"]
[Round "7"]
[White "Micanovic, Slobodan"]
[Black "Brankovan, Mario"]
[Result "1-0"]
[WhiteElo "2077"]
[BlackElo "1884"]
[PlyCount "111"]
[EventDate "2017.06.18"]
[EventType "swiss"]
[EventRounds "9"]
[EventCountry "SRB"]
[SourceTitle "CBM 179 Extra"]
[Source "ChessBase"]
[SourceDate "2017.08.23"]
[SourceVersion "1"]
[SourceVersionDate "2017.08.23"]
[SourceQuality "1"]

1. c3 b6 2. d4 Bb7 3. Bg5 h6 4. Bf4 e6 5. Nd2 Nf6 6. e3 c5 7. h3 Be7 8. Ngf3 0-0 9. Bd3 d6 10. 0-0 Nbd7 11. Nc4 Qc7 12. Qe2 Be4 13. Bg3 Bxd3 14. Qxd3 b5 15. Ncd2 c4 16. Qc2 Qb7 17. e4 Rfc8 18. e5 Ne8 19. Rae1 a5 20. exd6 Nxd6 21. Bxd6 Bxd6 22. Ne4 Bf8 23. Rd1 b4 24. Ne5 Nxe5 25. dxe5 Ra6 26. Rd4 Qb5 27. f4 Rb6 28. cxb4 axb4 29. Rfd1 Bc5 30. Nxc5 Qxc5 31. Kh2 g6 32. Qa4 Rbb8 33. Qc2 Kg7 34. a3 bxa3 35. bxa3 c3 36. Rd7 Qe3 37. Qa4 Rf8 38. Rc7 g5 39. Rf1 Rb2 40. Qc6 Qd2 41. fxg5 hxg5 42. Qf3 Qf4+ 43. Qxf4 gxf4 44. Rxf4 Re2 45. Rxc3 Rxe5 46. Rg3+ Kh6 47. a4 Rg5 48. Rf6+ Kh5 49. Rgf3 Ra5 50. g4+ Kg5 51. Kg3 Rh8 52. Rxf7 Rxa4 53. Rg7+ Kh6 54. Re7 Kg5 55. Re3 Ra6 56. R7xe6 1-0

[Event "SRB-chT3 North"]
[Site "Serbia"]
[Date "2008.10.23"]
[Round "6.5"]
[White "Micanovic, Slobodan"]
[Black "Jovanovic, Bojan P"]
[Result "1-0"]
[WhiteElo "2145"]
[BlackElo "1894"]
[PlyCount "72"]
[EventDate "2008.09.14"]
[EventType "team"]
[EventRounds "11"]
[EventCountry "SRB"]
[SourceTitle "EXT 2012"]
[Source "ChessBase"]
[SourceDate "2011.11.24"]
[SourceVersion "1"]
[SourceVersionDate "2011.11.24"]
[SourceQuality "1"]

1. d4 Nf6 2. c3 g6 3. Bg5 Bg7 4. Nd2 0-0 5. e4 d6 6. Ngf3 Nbd7 7. Bc4 e5 8. 0-0 h6 9. Bh4 Qe8 10. Re1 Kh8 11. Rc1 Nh7 12. Qc2 Nb6 13. Bf1 g5 14. Bg3 g4 15. Nh4 exd4 16. cxd4 Bxd4 17. Nf5 Bxf5 18. exf5 Qd7 19. Nb3 Bf6 20. Qxc7 Qxf5 21. Bxd6 Rfd8 22. Be5 Rd7 23. Bxf6+ Nxf6 24. Qe5 Qxe5 25. Rxe5 Rad8 26. Nc5 Rc7 27. Ree1 Rdc8 28. Nd3 Kg7 29. Rxc7 Rxc7 30. Rc1 Rxc1 31. Nxc1 Na4 32. Nd3 Ne4 33. Be2 f5 34. f3 gxf3 35. Bxf3 b6 36. g3 Kg6 1-0